<?xml version="1.0" encoding="UTF-8"?>
<record
    xmlns:xsi="http://www.w3.org/2001/XMLSchema-instance"
    xsi:schemaLocation="http://www.loc.gov/MARC21/slim http://www.loc.gov/standards/marcxml/schema/MARC21slim.xsd"
    xmlns="http://www.loc.gov/MARC21/slim">

  <leader>00768nam a2200181 i 4500</leader>
  <controlfield tag="001">33757</controlfield>
  <controlfield tag="003">ES-MaACL</controlfield>
  <controlfield tag="005">20230906154820.0</controlfield>
  <controlfield tag="007">t|</controlfield>
  <controlfield tag="008">030203s1878    gw           ||||1| ger d</controlfield>
  <datafield tag="130" ind1=" " ind2="0">
    <subfield code="a">Biblia. </subfield>
    <subfield code="p">N.T. </subfield>
    <subfield code="p">Evangelios. </subfield>
    <subfield code="l">Alem&#xE1;n.</subfield>
    <subfield code="9">119303</subfield>
  </datafield>
  <datafield tag="245" ind1="1" ind2="4">
    <subfield code="a">Das heilige Evangelium unseres Herrn Jesu Christi nach Mattah&#xE8;aus, Markus, Lukas und Johannes &#xFC;bersetzt und erkl&#xE8;art / </subfield>
    <subfield code="c">von Johannes Theodor Laurent.</subfield>
  </datafield>
  <datafield tag="260" ind1=" " ind2=" ">
    <subfield code="a">Freiburg im Breisgau : </subfield>
    <subfield code="b">Herder'sche Verlagshandlum, </subfield>
    <subfield code="c">1878.</subfield>
  </datafield>
  <datafield tag="300" ind1=" " ind2=" ">
    <subfield code="a">XXIX, XVII, 715 p., 1 l&#xE1;m. ; </subfield>
    <subfield code="c">24 cm.</subfield>
  </datafield>
  <datafield tag="599" ind1=" " ind2=" ">
    <subfield code="a">La h. de l&#xE1;m. grab. calc. que representa a la Virgen con el Ni&#xF1;o: "Ittenbach pinxt, Kohlschein sc."</subfield>
  </datafield>
  <datafield tag="700" ind1="1" ind2=" ">
    <subfield code="a">Laurent, Johannes Theodor.</subfield>
    <subfield code="9">70632</subfield>
  </datafield>
  <datafield tag="852" ind1=" " ind2=" ">
    <subfield code="a">ES-MaACL</subfield>
    <subfield code="j">C-4656 </subfield>
    <subfield code="b">R.24394</subfield>
  </datafield>
  <datafield tag="999" ind1=" " ind2=" ">
    <subfield code="c">33757</subfield>
    <subfield code="d">33757</subfield>
  </datafield>
  <datafield tag="952" ind1=" " ind2=" ">
    <subfield code="0">0</subfield>
    <subfield code="1">0</subfield>
    <subfield code="4">0</subfield>
    <subfield code="7">0</subfield>
    <subfield code="8">LIBXIX</subfield>
    <subfield code="a">ATENEOM</subfield>
    <subfield code="b">ATENEOM</subfield>
    <subfield code="c">SPAL</subfield>
    <subfield code="d">2008-01-17</subfield>
    <subfield code="e">SC</subfield>
    <subfield code="l">0</subfield>
    <subfield code="o">C-4656</subfield>
    <subfield code="p">1035136</subfield>
    <subfield code="r">2023-02-23 00:00:00</subfield>
    <subfield code="w">2023-02-23</subfield>
    <subfield code="y">MONANT</subfield>
  </datafield>
</record>
